00854nam a2200205Ia 4500003000900000008004100009020001800050040001600068080002400084111010200108245022900210260007000439300001500509650002600524650002100550650001400571650002000585700002100605700002200626IN-BaIIA211028s9999 xx 000 0 eng d a81-900378-3-8 cIIA Library a524.834(082.1)bGRA aInternational Conference on General Relativity and Gravitationn15thcPune, Indiad1997 Dec.16-21 0aGravitation and relativitybat the turn of the millenium; proceedings of the 15th International conference on general relativity and gravitation held in Pune, India, December 16-21, 1997cedited by N. Dadhich and J. Narlikar aPunebInter-University Centre for Astronomy and Asrophysicsc1998 aiii, 510p. aColliding black holes aCosmic Illusions aCosmology aQuantum gravity aDadhich, N., ed. aNarlikar, J., ed.